• 首页
  • 本馆介绍
  • 公告通知
  • 最新文献
  • 馆藏检索
  • 电子资源
  • 读者导购
  • 参考咨询
  • 我的图书馆
  • 登录
  • 详细信息显示
  • 放入我的书架
  • 预约/预借图书
  • 作者相关作品
  • 分类相关作品
  • 丛书相关作品
  • 出版社相关作品

书目信息

  • 表格格式
  • 工作单格式
  • 卡片格式
题名:
博物馆儿童教育
    
 
作者: 周婧景 著
分册:  
出版信息: 杭州   浙江大学出版社  2017.11
页数: 731页
开本: 26cm
丛书名: 博物馆学认知与传播·文丛
单 册:
中图分类: G266
科图分类:
主题词: 博物馆--儿童教育--研究
电子资源:
ISBN: 978-7-308-17340-7
000 01535oam2 2200301 450
001 1289
005 20180927172207.05
010    @a978-7-308-17340-7@dCNY128.00
100    @a20180513d2017 em y0chiy50 ea
101 0  @achi
102    @aCN@b330000
105    @aa z 001yy
200 1  @a博物馆儿童教育@9bo wu guan er tong jiao yu@e儿童展览与教育项目的双重视角@dChildren education of museum@edouble vision of exhibition and educational program for children@f周婧景著@zeng
210    @a杭州@c浙江大学出版社@d2017.11
215    @a731页@c图,照片@d26cm
225 1  @a博物馆学认知与传播·文丛
300    @a0-18岁博物馆儿童教育指南
312    @a封面英文题名:Museum children education: double vision of exhibition and educational program for children
330    @a本书通过参鉴国际博物馆儿童教育理念,从展览的视角切入,展望博物馆儿童教育未来之路。相比于美国儿童在“汽车和博物馆里长大”,利用博物馆展览培养起一代少年儿童的主动探索精神,推动博物馆奇妙的体验式教育理念和方式在全社会普及。
461  0 @12001 @a博物馆学认知与传播·文丛
510 1  @aChildren education of museum@edouble vision of exhibition and educational program for children@zeng
510 1  @aMuseum children education@edouble vision of exhibition and educational program for children@zeng
517 1  @a儿童展览与教育项目的双重视角@9er tong zhan lan yu jiao yu xiang mu di shuang zhong shi jiao
606 0  @a博物馆@x儿童教育@x研究
690    @aG266@v5
701  0 @a周婧景@9zhou jing jing@c(女)@4著
801  0 @aCN@b91MARC@c20180513
905    @aMuseLib@dG266@e24
    
    博物馆儿童教育:儿童展览与教育项目的双重视角=Children education of museum:double vision of exhibition and educational program for children/周婧景著.-杭州:浙江大学出版社,2017.11
    731页:图,照片;26cm.-(博物馆学认知与传播·文丛)
    0-18岁博物馆儿童教育指南
    
    ISBN 978-7-308-17340-7:CNY128.00
    本书通过参鉴国际博物馆儿童教育理念,从展览的视角切入,展望博物馆儿童教育未来之路。相比于美国儿童在“汽车和博物馆里长大”,利用博物馆展览培养起一代少年儿童的主动探索精神,推动博物馆奇妙的体验式教育理念和方式在全社会普及。
●
相关链接 在E读中查询图书 在五车中查询图书 在当当中查询图书 在豆瓣中查询图书


正题名:博物馆儿童教育     索取号:G266/24         预约/预借

序号 登录号 条形码 馆藏地/架位号 状态 备注
1 1122042   211220427   第一样本阅览室/ [索取号:G266/24] 在馆    
2 1122043   211220436   第四借阅区/ [索取号:G266/24] 在馆    
3 1122044   211220445   第四借阅区/ [索取号:G266/24] 在馆    
唐山师范学院图书馆 欢迎您!
大连网信软件有限公司© 版权所有